000 01004nam a22002417a 4500
005 20240530110521.0
008 160217s2013 ku ad g b 000 0 ara d
017 _a2012/3/1047
_bالكويت . دائرة المكتبة الوطنية
040 _aEG-CaGPL
082 0 4 _221
_a271.26\
_bم م
100 0 _aمحمود طاهر الوهر
245 1 2 _aالمهارات الدراسية بين النظرية و التطبيق /
_cمحمود طاهر الوهر ، هند عبدالمجيد الحمورى
250 _aط2
260 _aالكويت :
_bمكتبة الفلاح للنشر و التوزيع ،
_c2013 .
300 _a342 ص ؛
_c24 سم .
504 _aيشتمل على ارجاعات ببليوجرافية
650 0 4 _aالمهارات الدراسية
650 0 4 _aالاختبارات
650 0 4 _aطرق التدريس
700 0 _aهند عبدالمجيد الحمورى
_eمؤلف مشارك
942 _2ddc
_cBK
999 _c61895
_d61895